Statistics for Lande tættest på Albanien

Click here to take the quiz!

General Stats

  • This quiz has been taken 65 times
  • The average score is 14 of 20

Answer Stats

kmland% Correct
0Grækenland
96%
38Serbien
93%
0Montenegro
89%
467Slovenien
89%
73Italien
87%
70Kroatien
87%
148Bulgarien
84%
76Bosnien-
Hercegovina
82%
0Kosovo
82%
357Ungarn
78%
532Østrig
76%
574Slovakiet
73%
420Tyrkiet
71%
0Nordlige
Makedonien
62%
266Rumænien
62%
640Ukraine
62%
698Tjekkiet
58%
638Malta
53%
587San Marino
51%
570Vatikanet
13%

Score Distribution

Percentile by Number Answered

Percent of People with Each Score

Your Score History

You have not taken this quiz